| 000 | 00888nam a22002777a 4500 | ||
|---|---|---|---|
| 003 | CHAP | ||
| 005 | 20220329134731.0 | ||
| 008 | 971013s1967 r 00010 d | ||
| 010 | _a25000 | ||
| 011 | _a25972 | ||
| 035 | _a30072 | ||
| 040 | _cCHAP | ||
| 082 |
_a368.4 _bC67 |
||
| 110 |
_aComité Permanente Interamericano de Seguridad Social _925910 |
||
| 245 | _aManual interamericano de instrucciones de seguridad social | ||
| 260 |
_aMéxico, D. F. : _bEl Comité, _c1967 |
||
| 300 | _a324 p. | ||
| 590 |
_aBATCH-UPD _b10 _c20130110 _lUCH01 _h2004 |
||
| 590 |
_aBATCH-UPD _b10 _c20130410 _lUCH01 _h1324 |
||
| 590 |
_aBATCH-UPD _b10 _c20130914 _lUCH01 _h2016 |
||
| 590 |
_aCONVERSION _b10 _c20130109 _lUCH01 _h1314 |
||
| 650 | 1 | 4 |
_aSeguridad social _xAmérica Latina. _9103677 |
| 901 | _aBK | ||
| 942 | _cLIBRO | ||
| 949 |
_a368.4 C67 _bBC _cLIBRO _d33724000376307 _eLIBRO _h35154 _i30072 _mD _si |
||
| 999 |
_c25000 _d25000 |
||